Iconic TV Duos Quiz Stats

 Plays Quiz Updated Jan 27, 2018

Challenge
Share
Tweet
Score 0/15 Timer 05:00
9 Plays Today
% Correct
Sherlock Holmes
94.3%
Jerry Seinfeld
91.2%
Michael Scott
87.5%
Walter White
82.1%
Arya Stark
80.7%
Marshall Eriksen
77.8%
Norm Peterson
74.8%
Hawkeye Pierce
72.4%
% Correct
Don Draper
70.1%
Taystee
66.1%
The Doctor
63.4%
Jack Bauer
60.8%
David Addison
49.6%
Sheriff Truman
49.1%
Elizabeth Jennings
44.9%

You're not logged in!

Compare scores with friends on all Sporcle quizzes.
OR
Log In

You Might Also Like...

Show Comments

Extras

Top Quizzes Today


Score Distribution

Your Account Isn't Verified!

In order to create a playlist on Sporcle, you need to verify the email address you used during registration. Go to your Sporcle Settings to finish the process.

Report this User

Report this user for behavior that violates our Community Guidelines.

Details: